[Event "St Petersburg Spring op"]
[Site "St Petersburg"]
[Date "2012.03.29"]
[Round "8"]
[White "Markevich, Ilya"]
[Black "Vunder, Yakov"]
[Result "1/2-1/2"]
[WhiteElo "2209"]
[BlackElo "2193"]
[PlyCount "79"]
[EventDate "2012.03.22"]
[EventType "swiss"]
[EventRounds "9"]
[EventCountry "RUS"]
[SourceTitle "EXT 2013"]
[Source "ChessBase"]
[SourceDate "2012.11.22"]
[SourceVersion "1"]
[SourceVersionDate "2012.11.22"]
[SourceQuality "1"]

1. e4 c5 2. Nf3 g6 3. d4 cxd4 4. Nxd4 Bg7 5. Nc3 Nc6 6. Nb3 Nf6 7. Be2 0-0 8. 0-0 d6 9. Bg5 b6 10. Kh1 Bb7 11. f4 a5 12. a4 Nb4 13. Bf3 d5 14. Bxf6 Bxf6 15. e5 Bg7 16. Nb5 e6 17. N3d4 Qd7 18. c3 Nc6 19. Qb3 Nxd4 20. Nxd4 Ba6 21. Rfe1 Bc4 22. Qc2 Rac8 23. Rad1 Rfe8 24. b3 Ba6 25. Be2 Bxe2 26. Rxe2 f6 27. exf6 Bxf6 28. Qd3 Bxd4 29. Qxd4 Qc6 30. Re3 Qc5 31. Qd3 Qa3 32. Qb5 Qc5 33. Qe2 Kf7 34. h3 Qa3 35. Re1 Qd6 36. f5 e5 37. Qg4 Kg7 38. Qg3 Qc7 39. Qg5 Qe7 40. Qg3 1/2-1/2

[Event "St Petersburg Spring op"]
[Site "St Petersburg"]
[Date "2012.03.26"]
[Round "5"]
[White "Vunder, Yakov"]
[Black "Suvorov, Aleksandr2"]
[Result "0-1"]
[WhiteElo "2193"]
[BlackElo "2050"]
[PlyCount "152"]
[EventDate "2012.03.22"]
[EventType "swiss"]
[EventRounds "9"]
[EventCountry "RUS"]
[SourceTitle "EXT 2013"]
[Source "ChessBase"]
[SourceDate "2012.11.22"]
[SourceVersion "1"]
[SourceVersionDate "2012.11.22"]
[SourceQuality "1"]

1. Nf3 Nf6 2. c4 b6 3. g3 Bb7 4. Bg2 g6 5. d4 Bg7 6. 0-0 0-0 7. Nc3 d6 8. Qc2 Nbd7 9. e4 e5 10. d5 a5 11. Ne1 Ne8 12. Nd3 f5 13. f4 Ba6 14. fxe5 dxe5 15. b3 Nd6 16. Bb2 Qg5 17. Rae1 Rae8 18. Bc1 Qd8 19. a4 Bc8 20. Ba3 Rf7 21. Bh3 Ref8 22. exf5 gxf5 23. Nb5 e4 24. Nf4 Nc5 25. Bb2 Qg5 26. Nd4 Re8 27. Re3 Nd3 28. Bc3 Nxf4 29. Rxf4 Be5 30. Ne6 Bxf4 31. Nxf4 Rfe7 32. Qb2 Qh6 33. Bf1 Kf7 34. Be2 Rg8 35. Bh5+ Kf8 36. Qf2 Nf7 37. Bxf7 Rxf7 38. Be5 Ke8 39. Qb2 Re7 40. Qd4 Rg4 41. Kh1 Kf7 42. Qb2 Kg8 43. Bd4 Qd6 44. Nh5 Rg6 45. Bf6 Rf7 46. Be5 Qe7 47. Nf4 Rh6 48. h4 c6 49. Qd4 Qc5 50. Qd2 cxd5 51. cxd5 Bd7 52. Rc3 Qb4 53. Nd3 exd3 54. Qxh6 Qe4+ 55. Kh2 Qe2+ 56. Kg1 Qxe5 57. Qg5+ Rg7 58. Qd8+ Be8 59. Rxd3 Rxg3+ 60. Rxg3+ Qxg3+ 61. Kf1 Qf3+ 62. Kg1 Qe3+ 63. Kh2 Qe5+ 64. Kg1 f4 65. d6 Qe3+ 66. Kg2 f3+ 67. Kg3 f2+ 68. Kg2 Kf7 69. d7 Qe4+ 70. Kxf2 Qd4+ 71. Kg3 Bxd7 72. h5 Qe5+ 73. Kg2 Bc6+ 74. Kg1 Qe1+ 75. Kh2 Qf2+ 76. Kh3 Bg2+ 0-1

[Event "St Petersburg Spring op"]
[Site "St Petersburg"]
[Date "2012.03.25"]
[Round "4"]
[White "Kiseleva, Arina"]
[Black "Vunder, Yakov"]
[Result "1/2-1/2"]
[WhiteElo "1928"]
[BlackElo "2193"]
[PlyCount "64"]
[EventDate "2012.03.22"]
[EventType "swiss"]
[EventRounds "9"]
[EventCountry "RUS"]
[SourceTitle "EXT 2013"]
[Source "ChessBase"]
[SourceDate "2012.11.22"]
[SourceVersion "1"]
[SourceVersionDate "2012.11.22"]
[SourceQuality "1"]

1. d4 d5 2. Nf3 e6 3. c4 Nf6 4. cxd5 exd5 5. Bg5 c6 6. Nc3 Be7 7. Qc2 g6 8. e3 Bf5 9. Bd3 Bxd3 10. Qxd3 0-0 11. Bh6 Re8 12. 0-0 Nbd7 13. Rab1 a5 14. Qc2 Bd6 15. Bg5 Qc7 16. Rfc1 Rac8 17. a3 Ne4 18. Bh4 f5 19. b4 axb4 20. axb4 b5 21. Qb3 Nxc3 22. Rxc3 Nb6 23. Bg3 Nc4 24. Bxd6 Qxd6 25. Rbc1 Ra8 26. Ne5 Ra7 27. Nd3 Rea8 28. Qd1 Ra2 29. R3c2 R2a3 30. Rc3 Ra2 31. R3c2 R2a3 32. Rc3 Ra2 1/2-1/2

[Event "St Petersburg Autumn op"]
[Site "St Petersburg"]
[Date "2011.11.04"]
[Round "8"]
[White "Vunder, Yakov"]
[Black "Minina, Veronika"]
[Result "1-0"]
[WhiteElo "2221"]
[BlackElo "2120"]
[PlyCount "97"]
[EventDate "2011.10.28"]
[EventType "swiss"]
[EventRounds "9"]
[EventCountry "RUS"]
[SourceTitle "EXT 2013"]
[Source "ChessBase"]
[SourceDate "2012.11.22"]
[SourceVersion "1"]
[SourceVersionDate "2012.11.22"]
[SourceQuality "1"]

1. c4 Nf6 2. Nc3 g6 3. g3 Bg7 4. Bg2 0-0 5. e3 e5 6. Nge2 c6 7. 0-0 d6 8. d3 Qe7 9. Rb1 h5 10. h3 Nh7 11. e4 h4 12. f4 hxg3 13. f5 Qh4 14. Qe1 Bh6 15. Qxg3 Qxg3 16. Nxg3 Bxc1 17. Rbxc1 Nd7 18. Rcd1 Kg7 19. d4 a6 20. Rf2 Rh8 21. Rfd2 Nhf6 22. a4 a5 23. Rf1 Nf8 24. d5 c5 25. Nb5 Ra6 26. Rdf2 g5 27. Re1 Rb6 28. Nf1 N8d7 29. Nh2 Ne8 30. Nf3 f6 31. Bf1 Kf7 32. Re3 Nf8 33. Rg2 Rg8 34. h4 gxh4 35. Rxg8 Kxg8 36. Nxh4 Bd7 37. Rg3+ Kh7 38. Be2 Ra6 39. Bh5 Bxb5 40. axb5 Ra8 41. Bf7 b6 42. Ng6 Nc7 43. Ne7 Nd7 44. Bg8+ Kh8 45. Rh3+ Kg7 46. Rh7+ Kf8 47. Be6 Nxe6 48. dxe6 Nb8 49. Nd5 1-0

[Event "St Petersburg Autumn op"]
[Site "St Petersburg"]
[Date "2011.11.03"]
[Round "7"]
[White "Lobanov, Sergei"]
[Black "Vunder, Yakov"]
[Result "1/2-1/2"]
[WhiteElo "2029"]
[BlackElo "2221"]
[PlyCount "50"]
[EventDate "2011.10.28"]
[EventType "swiss"]
[EventRounds "9"]
[EventCountry "RUS"]
[SourceTitle "EXT 2013"]
[Source "ChessBase"]
[SourceDate "2012.11.22"]
[SourceVersion "1"]
[SourceVersionDate "2012.11.22"]
[SourceQuality "1"]

1. e4 e5 2. Nf3 Nc6 3. Bb5 a6 4. Ba4 Nf6 5. 0-0 Be7 6. Re1 b5 7. Bb3 d6 8. c3 0-0 9. h3 h6 10. d4 Re8 11. Nbd2 Bf8 12. d5 Ne7 13. Nf1 Ng6 14. Ng3 Nf4 15. Bc2 Bd7 16. Bxf4 exf4 17. Ne2 Nxe4 18. Nxf4 Ng5 19. Nd4 Rxe1+ 20. Qxe1 Qf6 21. Qd2 Re8 22. f3 Qe5 23. h4 Nh7 24. Kf2 Nf6 25. Bb3 Nh5 1/2-1/2

[Event "Chigorin Memorial 19th"]
[Site "St Petersburg"]
[Date "2011.10.21"]
[Round "8"]
[White "Vunder, Yakov"]
[Black "Ivanov, Sergei V"]
[Result "0-1"]
[WhiteElo "2221"]
[BlackElo "2055"]
[PlyCount "86"]
[EventDate "2011.10.14"]
[EventType "swiss"]
[EventRounds "9"]
[EventCountry "RUS"]
[SourceTitle "CBM 144 Extra"]
[Source "ChessBase"]
[SourceDate "2011.10.28"]
[SourceVersion "1"]
[SourceVersionDate "2011.10.28"]
[SourceQuality "1"]

1. d4 Nf6 2. Nf3 g6 3. c4 Bg7 4. Nc3 d6 5. e4 0-0 6. Be2 Nc6 7. d5 Ne5 8. Nxe5 dxe5 9. 0-0 Ne8 10. Be3 f5 11. f3 f4 12. Bf2 g5 13. h4 gxh4 14. Bxh4 Bf6 15. Bxf6 Nxf6 16. Qe1 Rf7 17. Qh4 Rg7 18. Kf2 Qd6 19. Rh1 Qb6+ 20. Kf1 Qxb2 21. Qe1 Qb6 22. Rb1 Qd6 23. Nb5 Qd8 24. Qc3 Rg5 25. c5 a6 26. Qa5 b6 27. Qa3 Rb8 28. Nc3 Qf8 29. d6 exd6 30. cxb6 cxb6 31. Bxa6 Be6 32. Qb4 Rg7 33. Bc4 Qf7 34. Bxe6 Qxe6 35. Rh6 Qe7 36. Qc4+ Kh8 37. Qc6 Qd8 38. Nb5 Ng8 39. Rh5 Rg6 40. Rd1 Rc8 41. Qb7 Rg7 42. Qd5 Rc5 43. Qxd6 Qe8 0-1

[Event "Chigorin Memorial 19th"]
[Site "St Petersburg"]
[Date "2011.10.16"]
[Round "3"]
[White "Tugarin, Anton"]
[Black "Vunder, Yakov"]
[Result "1/2-1/2"]
[WhiteElo "2014"]
[BlackElo "2221"]
[PlyCount "170"]
[EventDate "2011.10.14"]
[EventType "swiss"]
[EventRounds "9"]
[EventCountry "RUS"]
[SourceTitle "CBM 144 Extra"]
[Source "ChessBase"]
[SourceDate "2011.10.28"]
[SourceVersion "1"]
[SourceVersionDate "2011.10.28"]
[SourceQuality "1"]

1. d4 d5 2. c4 e6 3. Nf3 Nf6 4. g3 c5 5. cxd5 Nxd5 6. Bg2 cxd4 7. 0-0 Be7 8. Nxd4 0-0 9. Nc3 Nxc3 10. bxc3 e5 11. Nc2 Nc6 12. Ne3 Qa5 13. Qb3 Bc5 14. a4 Qb6 15. Qc2 Be6 16. Rb1 Qc7 17. Qb2 Rab8 18. Nd5 Qa5 19. Qb5 Rfd8 20. Be3 Bxe3 21. Nxe3 a6 22. Qb6 Qxb6 23. Rxb6 Na5 24. Rfb1 Rbc8 25. Bxb7 Nxb7 26. Rxb7 Rxc3 27. R7b6 Ra8 28. Kg2 g6 29. Rb8+ Rxb8 30. Rxb8+ Kg7 31. Rb6 Bc8 32. a5 Rc5 33. f3 Rxa5 34. Nc4 Ra2 35. Kf2 Bd7 36. Nxe5 Bb5 37. Ke3 Rxe2+ 38. Kd4 f6 39. Rb7+ Kf8 40. Ng4 Re7 41. Rb6 Rd7+ 42. Kc5 Kg7 43. Nxf6 Rf7 44. Ne4 Rxf3 45. Rb7+ Rf7 46. Rb6 Bd3 47. Nd6 Re7 48. Kd4 Bf1 49. h4 a5 50. Rb1 Bh3 51. Ra1 Ra7 52. Ra3 a4 53. Nc4 Be6 54. Nd2 Kf6 55. Rf3+ Ke7 56. Ra3 Bf5 57. Re3+ Kf6 58. Nc4 Bc2 59. Rf3+ Kg7 60. Na3 Bb3 61. Nb5 Rd7+ 62. Kc3 Rf7 63. Re3 Kf6 64. Rf3+ Ke5 65. Re3+ Kd5 66. Kb4 Rb7 67. Re1 Kc6 68. Rc1+ Kd7 69. Rc5 Ke6 70. Kc3 Kf6 71. g4 Re7 72. g5+ Kg7 73. Nd6 h6 74. Ra5 hxg5 75. hxg5 Re6 76. Nb7 Re7 77. Nd6 Rd7 78. Ne4 Rd5 79. Rxd5 Bxd5 80. Nf2 a3 81. Kc2 Kf7 82. Nh3 Bc4 83. Kb1 Ke6 84. Nf4+ Kf5 85. Nxg6 Kxg6 1/2-1/2

[Event "Chigorin Memorial 19th"]
[Site "St Petersburg"]
[Date "2011.10.14"]
[Round "1"]
[White "Maletin, Pavel"]
[Black "Vunder, Yakov"]
[Result "1/2-1/2"]
[WhiteElo "2579"]
[BlackElo "2221"]
[PlyCount "128"]
[EventDate "2011.10.14"]
[EventType "swiss"]
[EventRounds "9"]
[EventCountry "RUS"]
[SourceTitle "CBM 144 Extra"]
[Source "ChessBase"]
[SourceDate "2011.10.28"]
[SourceVersion "1"]
[SourceVersionDate "2011.10.28"]
[SourceQuality "1"]

1. c4 c5 2. Nf3 g6 3. g3 Bg7 4. Bg2 Nc6 5. Nc3 e5 6. 0-0 Nge7 7. a3 0-0 8. Rb1 a5 9. Ne1 d6 10. Nc2 Be6 11. Ne3 Rb8 12. d3 f5 13. Ned5 Bf7 14. Bd2 b6 15. b4 axb4 16. axb4 cxb4 17. Nxe7+ Nxe7 18. Nb5 d5 19. Bxb4 dxc4 20. dxc4 Bf6 21. Bd6 Rc8 22. c5 e4 23. Na7 Rxc5 24. Bxc5 bxc5 25. Qc2 Qa5 26. Nb5 Ba2 27. Rbc1 c4 28. Nd6 Qa6 29. Nb7 Bb3 30. Nc5 Qb5 31. Nxb3 cxb3 32. Qc5 Qxc5 33. Rxc5 b2 34. Rb5 Rc8 35. f3 e3 36. f4 Rc1 37. Rb3 Nc8 38. Bd5+ Kf8 39. Rb8 Ke7 40. Rb7+ Kd8 41. Ba2 Nd6 42. Rb4 Ne4 43. Rxe4 fxe4 44. Bb1 Bc3 45. Bxe4 Be1 46. Kg2 b1Q 47. Bxb1 Rxb1 48. Kf3 Rc1 49. Kxe3 Bd2+ 50. Kf2 Be3+ 51. Kg2 Rxf1 52. Kxf1 Kd7 53. Kg2 Kd6 54. Kf3 Bc1 55. e4 Kc5 56. Kg4 Kd4 57. e5 h6 58. h4 Kd5 59. h5 g5 60. Kf5 gxf4 61. gxf4 Bd2 62. Kg4 Ke6 63. f5+ Kxe5 64. Kf3 Kxf5 1/2-1/2

[Event "St Petersburg Botvinnik 100 op"]
[Site "St Petersburg"]
[Date "2011.08.16"]
[Round "5"]
[White "Vunder, Yakov"]
[Black "Opanasenko, Mikhail"]
[Result "1-0"]
[WhiteElo "2212"]
[BlackElo "2017"]
[PlyCount "67"]
[EventDate "2011.08.12"]
[EventType "swiss"]
[EventRounds "9"]
[EventCountry "RUS"]
[SourceTitle "CBM 143 Extra"]
[Source "ChessBase"]
[SourceDate "2011.08.29"]
[SourceVersion "1"]
[SourceVersionDate "2011.08.29"]
[SourceQuality "1"]

1. c4 e6 2. Nf3 Nf6 3. Nc3 d5 4. d4 Be7 5. cxd5 exd5 6. Bg5 c6 7. Qc2 0-0 8. e3 Nbd7 9. Bd3 Re8 10. h3 Nf8 11. 0-0 Ne4 12. Bf4 Nxc3 13. bxc3 Bd6 14. Bxd6 Qxd6 15. c4 Bd7 16. Rab1 Rab8 17. Ne5 Ng6 18. f4 Nf8 19. cxd5 cxd5 20. Nxd7 Nxd7 21. Bxh7+ Kh8 22. Bf5 Nb6 23. Qf2 g6 24. Bd3 Qe6 25. Rbe1 f5 26. g4 Re7 27. gxf5 gxf5 28. Kh2 Nd7 29. Rg1 Rh7 30. Rg5 Rf8 31. Reg1 Nb6 32. Qg3 Qe8 33. Bxf5 Rh6 34. Rh5 1-0

[Event "St Petersburg Botvinnik 100 op"]
[Site "St Petersburg"]
[Date "2011.08.13"]
[Round "2"]
[White "Zheleznaykov, Peter"]
[Black "Vunder, Yakov"]
[Result "1/2-1/2"]
[WhiteElo "1962"]
[BlackElo "2212"]
[PlyCount "76"]
[EventDate "2011.08.12"]
[EventType "swiss"]
[EventRounds "9"]
[EventCountry "RUS"]
[SourceTitle "CBM 143 Extra"]
[Source "ChessBase"]
[SourceDate "2011.08.29"]
[SourceVersion "1"]
[SourceVersionDate "2011.08.29"]
[SourceQuality "1"]

1. d4 d5 2. c4 e6 3. Nc3 Be7 4. Nf3 Nf6 5. Bg5 0-0 6. e3 Nbd7 7. Rc1 dxc4 8. Bxc4 a6 9. 0-0 c5 10. dxc5 Nxc5 11. b4 Ncd7 12. a3 b5 13. Be2 Bb7 14. Qd4 h6 15. Bh4 Nb6 16. Rfd1 Qxd4 17. Nxd4 Rfc8 18. Nb3 Nc4 19. Bxc4 Rxc4 20. Na5 Rxh4 21. Nxb7 Rc4 22. Na5 Rc7 23. Ne2 Rac8 24. Rxc7 Rxc7 25. Rc1 Rxc1+ 26. Nxc1 Nd5 27. Nd3 Nc3 28. Nc6 Bd6 29. Nd4 Kf8 30. h3 Ke8 31. Kf1 Kd7 32. Ke1 Kc7 33. Nc2 Kb6 34. Kd2 Ne4+ 35. Ke2 Nc3+ 36. Kd2 Ne4+ 37. Ke2 Nc3+ 38. Kd2 Ne4+ 1/2-1/2

[Event "St Petersburg Chigorin CC-ch"]
[Site "St Petersburg"]
[Date "2009.05.29"]
[Round "9"]
[White "Vunder, Yakov"]
[Black "Nikolaev, Yury"]
[Result "1-0"]
[WhiteElo "2233"]
[BlackElo "2134"]
[PlyCount "51"]
[EventDate "2009.05.19"]
[EventType "swiss"]
[EventRounds "9"]
[EventCountry "RUS"]
[SourceTitle "CBM 130 Extra"]
[Source "ChessBase"]
[SourceDate "2009.07.02"]
[SourceVersion "2"]
[SourceVersionDate "2009.07.15"]
[SourceQuality "1"]

1. c4 e5 2. g3 Nf6 3. Bg2 d5 4. cxd5 Nxd5 5. Nf3 Nc6 6. 0-0 Be7 7. d4 e4 8. Ne5 e3 9. Nxc6 exf2+ 10. Rxf2 bxc6 11. Nc3 0-0 12. e4 Nf6 13. Bf4 Rb8 14. Rd2 c5 15. e5 Ng4 16. h3 g5 17. hxg4 gxf4 18. Ne4 f5 19. exf6 Bxf6 20. dxc5 Qe7 21. gxf4 Rxb2 22. Rxb2 Bxb2 23. Qb3+ Be6 24. Qxb2 Rxf4 25. Qe5 Rf7 26. Ng5 1-0

[Event "St Petersburg Chigorin CC-ch"]
[Site "St Petersburg"]
[Date "2009.05.25"]
[Round "6"]
[White "Vunder, Yakov"]
[Black "Martynov, Pavel1"]
[Result "1/2-1/2"]
[WhiteElo "2233"]
[BlackElo "1992"]
[PlyCount "99"]
[EventDate "2009.05.19"]
[EventType "swiss"]
[EventRounds "9"]
[EventCountry "RUS"]
[SourceTitle "CBM 130 Extra"]
[Source "ChessBase"]
[SourceDate "2009.07.02"]
[SourceVersion "2"]
[SourceVersionDate "2009.07.15"]
[SourceQuality "1"]

1. d4 d5 2. Nf3 Nf6 3. c4 c6 4. Qc2 g6 5. Bf4 Na6 6. e3 Bf5 7. Qb3 Qb6 8. c5 Qxb3 9. axb3 Nb4 10. Na3 Nd3+ 11. Bxd3 Bxd3 12. Ne5 Bf5 13. f3 Bg7 14. g4 Be6 15. Kf2 Nd7 16. b4 Nxe5 17. Bxe5 f6 18. Bg3 Bd7 19. Rhe1 0-0 20. Kg2 e5 21. h3 h5 22. gxh5 gxh5 23. Nc2 Bf5 24. e4 Bg6 25. Re2 dxe4 26. fxe4 a6 27. dxe5 fxe5 28. Ne1 h4 29. Bxh4 Rf4 30. Bg5 Rxe4 31. Rxe4 Bxe4+ 32. Kf2 Rf8+ 33. Ke3 Bd5 34. h4 Kh7 35. Nc2 Rf3+ 36. Ke2 Rb3 37. Bc1 Be4 38. Ne3 Rxb4 39. Ra3 Bg6 40. Rc3 Rxh4 41. Rb3 Rh2+ 42. Kf3 e4+ 43. Kg3 Rh5 44. Rxb7 Rxc5 45. Bd2 Rb5 46. Rc7 Kg8 47. Rxc6 Rxb2 48. Rxg6 Rxd2 49. Nf5 Rd7 50. Rxa6 1/2-1/2

[Event "St Petersburg Chigorin CC-ch"]
[Site "St Petersburg"]
[Date "2009.05.21"]
[Round "3"]
[White "Sivokho, Sergey V"]
[Black "Vunder, Yakov"]
[Result "1-0"]
[WhiteElo "2472"]
[BlackElo "2233"]
[PlyCount "43"]
[EventDate "2009.05.19"]
[EventType "swiss"]
[EventRounds "9"]
[EventCountry "RUS"]
[SourceTitle "CBM 130 Extra"]
[Source "ChessBase"]
[SourceDate "2009.07.02"]
[SourceVersion "2"]
[SourceVersionDate "2009.07.15"]
[SourceQuality "1"]

1. e4 c5 2. Nf3 e6 3. d4 cxd4 4. Nxd4 a6 5. Nc3 Qc7 6. g3 Nc6 7. Bg2 d6 8. 0-0 Bd7 9. Nxc6 Bxc6 10. a4 b6 11. Re1 Be7 12. Qg4 h5 13. Qe2 h4 14. Qc4 Qb7 15. Bf4 Rc8 16. Bf1 hxg3 17. Bxg3 Bb5 18. axb5 Rxc4 19. bxa6 Qa8 20. Bxc4 Nf6 21. Bb5+ Kf8 22. a7 1-0

[Event "St Petersburg Chigorin CC-ch"]
[Site "St Petersburg"]
[Date "2009.05.20"]
[Round "2"]
[White "Vunder, Yakov"]
[Black "Eltsov, Valery"]
[Result "1-0"]
[WhiteElo "2233"]
[BlackElo "2070"]
[PlyCount "137"]
[EventDate "2009.05.19"]
[EventType "swiss"]
[EventRounds "9"]
[EventCountry "RUS"]
[SourceTitle "CBM 130 Extra"]
[Source "ChessBase"]
[SourceDate "2009.07.02"]
[SourceVersion "2"]
[SourceVersionDate "2009.07.15"]
[SourceQuality "1"]

1. c4 f5 2. g3 Nf6 3. Bg2 e5 4. Nc3 d6 5. d4 e4 6. e3 Be7 7. Nge2 0-0 8. 0-0 c6 9. f3 exf3 10. Bxf3 Na6 11. Rb1 Nc7 12. b4 Be6 13. b5 Bxc4 14. bxc6 bxc6 15. Bxc6 Rb8 16. Rxb8 Qxb8 17. Rxf5 Qb6 18. Bg2 Qa6 19. Rf2 Bxa2 20. Nxa2 Qxa2 21. Nf4 Qa5 22. Qb3+ Kh8 23. Qa2 Qxa2 24. Rxa2 a6 25. Rc2 Nb5 26. Bd2 Rb8 27. Rc6 Ra8 28. Rb6 Rc8 29. Rxa6 g6 30. Bc6 Na3 31. d5 Nc4 32. Bc3 Kg8 33. Ra7 Kf7 34. Ne6 h6 35. Bd4 Ng4 36. Ng5+ hxg5 37. Bd7 Rb8 38. Bxg4 Kf8 39. Rd7 Nb6 40. Bxb6 Rxb6 41. Be6 Rb8 42. Kg2 Re8 43. Kf3 Kg7 44. Ke4 Kf6 45. h3 Ra8 46. Kf3 Ra1 47. g4 Rf1+ 48. Kg2 Re1 49. h4 gxh4 50. g5+ Kxg5 51. Kf2 Rh1 52. Rxe7 Rh2+ 53. Kf3 Kf6 54. Rh7 Rh1 55. Ke4 Ra1 56. Rf7+ Kg5 57. Rd7 Ra4+ 58. Kf3 Ra6 59. Rc7 Kf6 60. Rf7+ Kg5 61. Rf4 Ra1 62. Rg4+ Kh5 63. Rc4 Rf1+ 64. Kg2 Rf8 65. Rc7 g5 66. e4 g4 67. Rh7+ Kg5 68. Rg7+ Kf6 69. Rxg4 1-0

[Event "St Petersburg Chigorin CC-ch"]
[Site "St Petersburg"]
[Date "2008.05.16"]
[Round "4"]
[White "Fedoseev, Vladimir1"]
[Black "Vunder, Yakov"]
[Result "1-0"]
[WhiteElo "2222"]
[BlackElo "2235"]
[PlyCount "115"]
[EventDate "2008.05.13"]
[EventType "swiss"]
[EventRounds "9"]
[EventCountry "RUS"]
[SourceTitle "CBM 124 Extra"]
[Source "ChessBase"]
[SourceDate "2008.07.03"]
[SourceVersion "1"]
[SourceVersionDate "2008.07.03"]
[SourceQuality "1"]

1. e4 e5 2. Nf3 Nc6 3. Bb5 a6 4. Ba4 Nf6 5. 0-0 Be7 6. Re1 b5 7. Bb3 d6 8. c3 0-0 9. h3 h6 10. d4 Re8 11. Nbd2 Bf8 12. Nf1 Bd7 13. Ng3 Na5 14. Bc2 c5 15. d5 Nc4 16. a4 Nb6 17. axb5 axb5 18. Rxa8 Qxa8 19. Nh2 Qd8 20. b3 Qe7 21. Be3 g6 22. Qd2 Kh7 23. Ra1 Ra8 24. Rxa8 Nxa8 25. Bd3 Be8 26. Qa2 Qb7 27. Ne2 Nc7 28. f4 exf4 29. Nxf4 Qa6 30. Qb1 Nd7 31. Nf3 Bg7 32. Ne2 c4 33. bxc4 bxc4 34. Bc2 Nb5 35. Nfd4 Na3 36. Qb2 Nc5 37. Nf3 Qa5 38. Bd4 Nxc2 39. Qxc2 Ba4 40. Qb1 Bb3 41. Kh2 Bxd4 42. Nfxd4 Qa2 43. Qf1 Qa7 44. Qf4 Qe7 45. Nc6 Qd7 46. Ng3 Ba4 47. Nd4 Kg7 48. Ndf5+ gxf5 49. Nxf5+ Kf6 50. Nxd6+ Kg6 51. Qg3+ Kh7 52. Nf5 f6 53. Qf4 Bc2 54. Qxh6+ Kg8 55. Qg6+ Kf8 56. Qxf6+ Kg8 57. Ne7+ Kh7 58. Qf7+ 1-0

[Event "St Petersburg March op"]
[Site "St Petersburg"]
[Date "2008.03.30"]
[Round "9"]
[White "Vunder, Yakov"]
[Black "Bragina, Anastasia"]
[Result "0-1"]
[WhiteElo "2235"]
[BlackElo "2042"]
[PlyCount "72"]
[EventDate "2008.03.22"]
[EventType "swiss"]
[EventRounds "9"]
[EventCountry "RUS"]
[SourceTitle "EXT 2010"]
[Source "ChessBase"]
[SourceDate "2010.11.25"]
[SourceVersion "1"]
[SourceVersionDate "2010.11.25"]
[SourceQuality "1"]

1. Nf3 d5 2. d4 Nf6 3. c4 e6 4. Nc3 c6 5. e3 Nbd7 6. Be2 dxc4 7. a4 c5 8. Bxc4 cxd4 9. exd4 Nb6 10. Bb3 Bb4 11. 0-0 Nbd5 12. Qd3 0-0 13. Bg5 Qa5 14. Rac1 b6 15. Ne5 Bb7 16. Nb5 Rac8 17. Nc4 Qa6 18. Qh3 h6 19. Bxf6 Nxf6 20. Ne3 Bc6 21. Bxe6 fxe6 22. Qxe6+ Kh8 23. Rxc6 Rxc6 24. Qxc6 Qxa4 25. Qc4 a6 26. Nc3 Qa5 27. Ncd5 Nxd5 28. Nxd5 Bd6 29. Qc6 Bb8 30. Nxb6 Ba7 31. Nd7 Rd8 32. Ne5 Qd5 33. Ng6+ Kh7 34. Ne7 Qxd4 35. Qc2+ Qd3 36. Qc7 Rd7 0-1

[Event "St Petersburg March op"]
[Site "St Petersburg"]
[Date "2008.03.26"]
[Round "5"]
[White "Vunder, Yakov"]
[Black "Airumian, Sergei"]
[Result "1-0"]
[WhiteElo "2235"]
[BlackElo "2060"]
[PlyCount "101"]
[EventDate "2008.03.22"]
[EventType "swiss"]
[EventRounds "9"]
[EventCountry "RUS"]
[SourceTitle "EXT 2010"]
[Source "ChessBase"]
[SourceDate "2010.11.25"]
[SourceVersion "1"]
[SourceVersionDate "2010.11.25"]
[SourceQuality "1"]

1. d4 Nf6 2. Nf3 b6 3. e3 Bb7 4. Bd3 e6 5. 0-0 c5 6. b3 cxd4 7. exd4 Nc6 8. Bb2 Qc7 9. c4 Nb4 10. Be2 Ng4 11. h3 Bxf3 12. hxg4 Bb7 13. Nc3 a6 14. a3 Nc6 15. d5 Ne5 16. Ne4 d6 17. f4 Nd7 18. dxe6 Bxe4 19. exd7+ Qxd7 20. Bf3 Bxf3 21. Qxf3 Rc8 22. Rfe1+ Kd8 23. Bd4 Kc7 24. f5 Qc6 25. Qe3 h5 26. g5 h4 27. b4 Qb7 28. Rac1 Kb8 29. Bxb6 f6 30. g6 Rh5 31. c5 dxc5 32. Bxc5 h3 33. Ba7+ Ka8 34. Rxc8+ Qxc8 35. Qf3+ Qb7 36. Qxb7+ Kxb7 37. g4 Rh4 38. Bc5 Rxg4+ 39. Kh2 Bxc5 40. bxc5 Rf4 41. Re7+ Kc6 42. Rxg7 Rxf5 43. Ra7 Rxc5 44. Rxa6+ Kd7 45. Rxf6 Ke7 46. Rf3 Rc6 47. g7 Rc8 48. Rg3 Kf7 49. g8Q+ Rxg8 50. Rxg8 Kxg8 51. a4 1-0

[Event "St Petersburg March op"]
[Site "St Petersburg"]
[Date "2008.03.22"]
[Round "1"]
[White "Svidinsky, Dmitry"]
[Black "Vunder, Yakov"]
[Result "1/2-1/2"]
[WhiteElo "2052"]
[BlackElo "2235"]
[PlyCount "60"]
[EventDate "2008.03.22"]
[EventType "swiss"]
[EventRounds "9"]
[EventCountry "RUS"]
[SourceTitle "EXT 2010"]
[Source "ChessBase"]
[SourceDate "2010.11.25"]
[SourceVersion "1"]
[SourceVersionDate "2010.11.25"]
[SourceQuality "1"]

1. e4 e5 2. Nf3 Nc6 3. Bb5 a6 4. Ba4 Nf6 5. 0-0 Be7 6. Re1 b5 7. Bb3 d6 8. c3 0-0 9. h3 h6 10. d4 Re8 11. a4 Bd7 12. Nbd2 Bf8 13. Bc2 exd4 14. Nxd4 Ne5 15. Nf1 c5 16. Nf3 Bc6 17. Nxe5 dxe5 18. Qxd8 Rexd8 19. f3 c4 20. Be3 Nd7 21. axb5 axb5 22. Kf2 b4 23. cxb4 Bxb4 24. Red1 Nc5 25. Rxa8 Rxa8 26. Bd2 Bxd2 27. Rxd2 Rb8 28. Ne3 Rxb2 29. Nxc4 Ra2 30. Bd1 Rxd2+ 1/2-1/2

[Event "St Petersburg White Nights op"]
[Site "St Petersburg"]
[Date "2007.06.28"]
[Round "4"]
[White "Vunder, Yakov"]
[Black "Zacurdajev, Mikhail"]
[Result "0-1"]
[WhiteElo "2242"]
[BlackElo "2384"]
[PlyCount "84"]
[EventDate "2007.06.25"]
[EventType "swiss"]
[EventRounds "9"]
[EventCountry "RUS"]
[SourceTitle "CBM 119 Extra"]
[Source "ChessBase"]
[SourceDate "2007.09.04"]
[SourceVersion "1"]
[SourceVersionDate "2007.09.04"]
[SourceQuality "1"]

1. c4 e5 2. Nc3 Nf6 3. Nf3 Nc6 4. e3 Bb4 5. Nd5 e4 6. Ng1 Bc5 7. Ne2 Nxd5 8. cxd5 Ne5 9. Nc3 f5 10. d4 exd3 11. Bxd3 0-0 12. 0-0 d6 13. Be2 Qh4 14. Qa4 Qe7 15. Bd2 Bd7 16. Qc2 Qh4 17. f4 Ng4 18. Bxg4 Qxg4 19. Rae1 b5 20. Kh1 Rf6 21. Rf3 Rh6 22. Ne2 Re8 23. Rg3 Qh5 24. Rh3 Qg6 25. Rg3 Qf7 26. b4 Bb6 27. Nc3 Rg6 28. Rxg6 hxg6 29. Qd3 a6 30. a4 bxa4 31. Qxa6 Qf6 32. Qd3 g5 33. fxg5 Qxg5 34. b5 Qh4 35. Rf1 a3 36. Rf4 Qh5 37. Ra4 Bc5 38. h3 Qg5 39. e4 Qh4 40. Qf3 fxe4 41. Qe2 Bxh3 42. Be1 Qh7 0-1